000 00305nam a2200109Ia 4500
008 200302s9999 xx 000 0 und d
100 _aXavier Barrali Altet
245 _aThe Early Middle Ages From Late Antiquity to A. D. 1000
260 _bBenedikt Taschen Verlag Gmbh
260 _c1997
300 _a237 P.,
999 _c2400
_d2400